Normal view MARC view
  • Dara, Dr S.S and Mishra Dr. D.D.

Entry Personal Name

Number of records used in: 1

001 - CONTROL NUMBER

  • control field: 2454

003 - CONTROL NUMBER IDENTIFIER

  • control field: OSt

005 - DATE AND TIME OF LATEST TRANSACTION

  • control field: 20160622105108.0

008 - FIXED-LENGTH DATA ELEMENTS

  • fixed length control field: 160622|| aca||aabn | a|a d

040 ## - CATALOGING SOURCE

  • Original cataloging agency: OSt
  • Transcribing agency: OSt

100 ## - HEADING--PERSONAL NAME

  • Personal name: Dara, Dr S.S and Mishra Dr. D.D.

670 ## - SOURCE DATA FOUND

  • Source citation: Work cat.: (OSt): Dara, Dr S.S and Mishra Dr. D.D., A Text Book of Environmental Chemistry and Pollution Control